|
|
|
|
| LEADER |
00000nam a2200000 a 4500 |
| 001 |
vtls010031757 |
| 003 |
SK-MaSNL |
| 005 |
20260301030328.0 |
| 008 |
240315s2008 fr g h 000 0bfre |
| 020 |
|
|
|a 9782262026233
|q (brož.)
|
| 040 |
|
|
|a SNK
|b slo
|c SNK
|e AACR2
|
| 041 |
0 |
|
|a fre
|
| 043 |
|
|
|a e-fr---
|
| 044 |
|
|
|a fr
|c FR
|
| 072 |
|
7 |
|a 929
|x Biografie
|2 konspekt
|
| 072 |
|
7 |
|a 27-78
|x Kresťanské združenia, spolky a organizácie. Rehoľné rády
|2 konspekt
|
| 080 |
|
|
|a 929
|2 2001
|
| 080 |
|
|
|a 27-788-055.1
|2 2001
|
| 080 |
|
|
|a 27-784
|2 2001
|
| 080 |
|
|
|a 27-58
|2 2001
|
| 080 |
|
|
|a 27-4
|2 2001
|
| 080 |
|
|
|a 27-675
|2 2001
|
| 080 |
|
|
|a 27-662:3
|2 2001
|
| 080 |
|
|
|a (44)
|2 2001
|
| 080 |
|
|
|a (092)
|2 2001
|
| 100 |
1 |
|
|a Chiron, Yves,
|d 1960-
|4 aut
|9 323989
|
| 245 |
1 |
0 |
|a Frère Roger
|b 1915-2005 : fondateur de Taizé
|c Yves Chiron
|
| 260 |
|
|
|a [Paris]
|b Perrin
|c c2008
|
| 300 |
|
|
|a 414 s.
|c 24 cm
|
| 504 |
|
|
|a Obsahuje bibliogr.
|
| 600 |
0 |
7 |
|a Roger z Taizé,
|c brat,
|d 1915-2005
|2 SNKMA
|9 122838
|
| 610 |
2 |
7 |
|a Communauté de Taizé
|2 SNKKA
|9 323990
|
| 648 |
|
7 |
|a 20.-21. stor.
|2 SNKPH
|9 270701
|
| 650 |
0 |
7 |
|a rehoľníci
|2 SNKPH
|9 59447
|
| 650 |
0 |
7 |
|a kresťanské komunity
|2 SNKPH
|9 236339
|
| 650 |
0 |
7 |
|a kresťanská spiritualita
|2 SNKPH
|9 67203
|
| 650 |
0 |
7 |
|a kresťanský život
|2 SNKPH
|9 1808
|
| 650 |
0 |
7 |
|a ekumenizmus
|2 SNKPH
|9 1932
|
| 650 |
0 |
7 |
|a kresťanstvo a spoločnosť
|2 SNKPH
|9 4227
|
| 651 |
|
7 |
|a Francúzsko
|2 SNKPH
|9 15907
|
| 651 |
|
7 |
|a Taizé (Francúzsko)
|2 SNKPH
|9 167458
|
| 655 |
|
7 |
|a biografie
|2 SNKPH
|9 27965
|
| 919 |
|
|
|a 978-2-262-02623-3
|
| 999 |
|
|
|c 574213
|d 576143
|
| 952 |
|
|
|a SNK
|b SNK
|y VYP
|7 0
|p 17A0643007
|o snkIC 138323
|i snk2010/1072
|8 2
|g 21.50
|0 0
|1 0
|4 0
|d 2009-12-14
|l 0
|r 2026-02-23 14:27:40
|w 2026-02-23
|